[Event "Arlington DC op 1st"]
[Site "Arlington"]
[Date "2013.06.30"]
[Round "8"]
[White "Polgar, Tom"]
[Black "Nguyen, Trung T"]
[Result "1-0"]
[WhiteElo "2075"]
[BlackElo "1887"]
[PlyCount "85"]
[EventDate "2013.06.27"]
[EventType "swiss"]
[EventRounds "9"]
[EventCountry "USA"]
[SourceTitle "CBM 155 Extra"]
[Source "ChessBase"]
[SourceDate "2013.08.26"]
[SourceVersion "1"]
[SourceVersionDate "2013.08.26"]
[SourceQuality "1"]

1. e4 c5 2. Nf3 d6 3. Bb5+ Nd7 4. d4 cxd4 5. Qxd4 Ngf6 6. 0-0 g6 7. e5 dxe5 8. Qxe5 a6 9. Bxd7+ Bxd7 10. Re1 e6 11. Nc3 Bg7 12. Bg5 h6 13. Bh4 Bc6 14. Rad1 Qe7 15. Nd4 0-0 16. Rd3 Rfd8 17. Rg3 Ne8 18. Bxe7 Bxe5 19. Nxc6 Bxc3 20. Rxc3 Rd7 21. Bb4 bxc6 22. Rxc6 Nf6 23. c4 Kg7 24. Bc3 g5 25. h3 Kg6 26. Re5 Ne8 27. Ra5 Rd6 28. Rac5 Rxc6 29. Rxc6 Ra7 30. b4 Kf5 31. f3 Kf4 32. Kf2 Kf5 33. a4 h5 34. a5 Rc7 35. Rxc7 Nxc7 36. Bd4 e5 37. Bb6 Ne8 38. b5 axb5 39. a6 Nd6 40. a7 Nxc4 41. a8Q Nxb6 42. Qc6 Nc4 43. g4+ 1-0

[Event "Texas-ch Amateur"]
[Site "Dallas"]
[Date "2002.05.27"]
[Round "6.19"]
[White "Nguyen, Trung T"]
[Black "Chrumka, Jeff"]
[Result "0-1"]
[WhiteElo "1136"]
[BlackElo "1999"]
[PlyCount "68"]
[EventDate "2002.05.24"]
[EventType "swiss"]
[EventRounds "7"]
[EventCountry "USA"]
[SourceTitle "EXT 2003"]
[Source "ChessBase"]
[SourceDate "2002.11.25"]
[SourceVersion "1"]
[SourceVersionDate "2002.11.25"]
[SourceQuality "1"]

1. d4 e6 2. c4 f5 3. Nf3 d5 4. Bf4 Nf6 5. e3 c6 6. Be2 Bd6 7. Bxd6 Qxd6 8. Nbd2 0-0 9. 0-0 Nbd7 10. Rb1 Ne4 11. b4 Nc3 12. Qe1 Nxb1 13. Qxb1 Nf6 14. h3 Ne4 15. Qb2 Bd7 16. c5 Qe7 17. a4 a6 18. Ne5 Be8 19. Qc2 Qf6 20. Ndf3 Ng5 21. Ne1 Nf7 22. N1d3 Nxe5 23. Nxe5 Rd8 24. Qd1 Qg5 25. g4 fxg4 26. hxg4 h5 27. f4 Qh4 28. Qd3 Qg3+ 29. Kh1 Qh3+ 30. Kg1 Qg3+ 31. Kh1 Qh3+ 32. Kg1 hxg4 33. Bxg4 Qg3+ 34. Kh1 Rf6 0-1